A bibliography of South African geology for the years 1931 to 1935 (inclusive). (Record no. 27350)
[ view plain ]
| 000 -LEADER | |
|---|---|
| fixed length control field | 01179cam a22002774a 4500 |
| 001 - CONTROL NUMBER | |
| control field | gs 37000129 |
| 003 - CONTROL NUMBER IDENTIFIER | |
| control field | DLC |
| 005 - DATE AND TIME OF LATEST TRANSACTION | |
| control field | 20260227111341.0 |
| 008 - FIXED-LENGTH DATA ELEMENTS--GENERAL INFORMATION | |
| fixed length control field | 770416s1937 sa b 000 0 eng c |
| 010 ## - LIBRARY OF CONGRESS CONTROL NUMBER | |
| LC control number | gs 37000129 |
| 035 ## - SYSTEM CONTROL NUMBER | |
| System control number | (OCoLC)2892492 |
| 040 ## - CATALOGING SOURCE | |
| Original cataloging agency | U. S. Geol. survey. Library |
| Transcribing agency | FTS |
| Modifying agency | DLC |
| 042 ## - AUTHENTICATION CODE | |
| Authentication code | premarc |
| 050 00 - LIBRARY OF CONGRESS CALL NUMBER | |
| Classification number | QE324 |
| Item number | .A3 no. 30 |
| 100 1# - MAIN ENTRY--PERSONAL NAME | |
| Personal name | Hall, A. L. |
| Fuller form of name | (Arthur Lewis), |
| Dates associated with a name | 1872-1955. |
| 245 12 - TITLE STATEMENT | |
| Title | A bibliography of South African geology for the years 1931 to 1935 (inclusive). |
| Name of part/section of a work | Author's index / |
| Statement of responsibility, etc. | by A. L. Hall. |
| 260 ## - PUBLICATION, DISTRIBUTION, ETC. | |
| Place of publication, distribution, etc. | Pretoria : |
| Name of publisher, distributor, etc. | Government printer, |
| Date of publication, distribution, etc. | 1937. |
| 300 ## - PHYSICAL DESCRIPTION | |
| Extent | 168 p. ; |
| Dimensions | 25 cm. |
| 490 1# - SERIES STATEMENT | |
| Series statement | Geological survey memoir ; |
| Volume/sequential designation | no. 30 |
| 500 ## - GENERAL NOTE | |
| General note | At head of title: Union of South Africa. Department of Mines. |
| 500 ## - GENERAL NOTE | |
| General note | Continuation of Memoirs 18, 22, 25 and 27. |
| 501 ## - WITH NOTE | |
| With note | With: The building stones of the Union of South Africa / by W. Wybergh. Pretoria : Government Printer, 1932. Bound together subsequent to publication. |
| Institution to which field applies | DLC |
| 650 #0 - SUBJECT ADDED ENTRY--TOPICAL TERM | |
| Topical term or geographic name entry element | Geology |
| Geographic subdivision | South Africa |
| Form subdivision | Bibliography. |
| 710 1# - ADDED ENTRY--CORPORATE NAME | |
| Corporate name or jurisdiction name as entry element | South Africa. |
| Subordinate unit | Department of Mines and Industries. |
| 830 #0 - SERIES ADDED ENTRY--UNIFORM TITLE | |
| Uniform title | Memoir (Geological Survey (South Africa)) ; |
| Volume/sequential designation | no. 30. |
No items available.